Normal view MARC view
  • Qazi, Sarfaraz Hussain

Entry Personal Name

Number of records used in: 1

001 - CONTROL NUMBER

  • control field: 16236

003 - CONTROL NUMBER IDENTIFIER

  • control field: NUST

005 - DATE AND TIME OF LATEST TRANSACTION

  • control field: 20190702044001.0

008 - FIXED-LENGTH DATA ELEMENTS

  • fixed length control field: 190702|| aca||aabn | a|a d

040 ## - CATALOGING SOURCE

  • Original cataloging agency: NUST
  • Transcribing agency: NUST

100 ## - HEADING--PERSONAL NAME

  • Personal name: Qazi, Sarfaraz Hussain

670 ## - SOURCE DATA FOUND

  • Source citation: Work cat.: (NUST): Qazi, Sarfaraz Hussain, Tanqidi Asool Ty Nazariye /, 1992.
© 2023 Central Library, National University of Sciences and Technology. All Rights Reserved.